Countries With the Most Borders - Statistics

General Stats
  • This quiz has been taken 23 times
  • The average score is 8 of 11
Answer Stats
Hint Answer % Correct
14 China
100%
14 Russia
100%
10 Brazil
95%
9 Democratic Republic of the Congo
95%
8 France
95%
9 Germany
90%
8 Austria
67%
8 Turkey
67%
8 Serbia
52%
8 Zambia
48%
8 Tanzania
29%
No matching quizzes found
Score Distribution
Percent of People with Each Score
Percentile by Number Answered
Your Score History
You have not taken this quiz